| 000 | 00496nam a2200205Ia 4500 | ||
|---|---|---|---|
| 005 | 20250317124717.0 | ||
| 008 | 008 250317s9999 xx 000 0 eng d | ||
| 037 | _aTextbook | ||
| 040 |
_aFMSL _beng _cFMSL |
||
| 041 |
_aeng _2eng |
||
| 084 |
_aX:8D Q3;9 _qFMSL |
||
| 100 | _aPandey I M | ||
| 245 | 0 | _aFicial management | |
| 250 | _a13 | ||
| 260 | _c2013 | ||
| 365 | _b5950 | ||
| 650 | _aManagement | ||
| 942 |
_cTB _hX:8D Q3;9 |
||
| 999 |
_c1256629 _d1256629 |
||